000 00850nam a2200277 i 4500
001 bg
100 1 _aSZWEYKOWSKA, Alicja
245 1 0 _aBotanika /
_cAlicja Szweykowska, Jerzy Szweykowski.
_nT. 1,
_pMorfologia.
250 _a[Wyd. 3].
260 _aWarszawa :
_bWydaw. Naukowe PWN,
_c1996.
300 _a342, [2] s. :
_bfot., rys., 1 wykr. ;
_c25 cm.
504 _aBibliogr. s. 320-321. - Indeks.
521 _aKsiążka pomocnicza do nauki biologii w szkołach ponadpodstawowych.
650 9 _aBotanika
655 _aPodręczniki akademickie
700 1 _aSZWEYKOWSKI, Jerzy
020 _a8301109505 (t. 1)
020 _a8301109521 (2 t.)
040 _cBPK
041 0 _apl
080 _a581(075.8)
920 _a83-01-10950-5 (t. 1)
920 _a83-01-10952-1 (2 t.)
942 _cKS
008 s pl f |000 0 pol
999 _c31827
_d31827
856 _uhttp://koha.tu.koszalin.pl/cgi-bin/koha/opac-detail.pl?biblionumber=31827
_yKatalog online BPK